00295nam a2200121Ia 4500008004100000041000800041082001500049100002100064245002000085260003500105300002600140365000700166240624s9999 xx 000 0 und d aeng a006.74 EVA aEVANS KIRK ALLEN aXML AND ASP NET c2002aDelhibPearson Education axxi, : 822 : cm. ; 24 cRS